<?xml version="1.0" encoding="UTF-8"?>
<record
    xmlns:xsi="http://www.w3.org/2001/XMLSchema-instance"
    xsi:schemaLocation="http://www.loc.gov/MARC21/slim http://www.loc.gov/standards/marcxml/schema/MARC21slim.xsd"
    xmlns="http://www.loc.gov/MARC21/slim">

  <leader>01030nam a2200265 a 4500</leader>
  <controlfield tag="008">260430s2026    sp            000 0 spa d</controlfield>
  <datafield tag="041" ind1=" " ind2=" ">
    <subfield code="a">spa</subfield>
  </datafield>
  <datafield tag="245" ind1="0" ind2="0">
    <subfield code="a">CCOO valora que por fin se vaya a retomar la carrera profesional en el Sescam y que beneficie tanto al personal fijo como al interino</subfield>
  </datafield>
  <datafield tag="260" ind1=" " ind2=" ">
    <subfield code="a">Toledo :</subfield>
    <subfield code="b">CCOO de Castilla-La Mancha,</subfield>
    <subfield code="c">2026</subfield>
  </datafield>
  <datafield tag="300" ind1=" " ind2=" ">
    <subfield code="a">1 p.  ;</subfield>
    <subfield code="c"> 30 cm</subfield>
  </datafield>
  <datafield tag="500" ind1=" " ind2=" ">
    <subfield code="a">En: Gaceta Sindical Digital : Castilla-La Mancha, n. 615 (abril 2026), p. 2</subfield>
  </datafield>
  <datafield tag="650" ind1=" " ind2="0">
    <subfield code="a">ACTITUD SINDICAL</subfield>
    <subfield code="9">61</subfield>
  </datafield>
  <datafield tag="650" ind1=" " ind2="0">
    <subfield code="a">COMUNIDADES AUTONOMAS</subfield>
    <subfield code="9">344</subfield>
  </datafield>
  <datafield tag="650" ind1=" " ind2="0">
    <subfield code="a">CASTILLA-LA MANCHA</subfield>
    <subfield code="9">3732</subfield>
  </datafield>
  <datafield tag="650" ind1=" " ind2="0">
    <subfield code="a">MERCADO DE TRABAJO</subfield>
    <subfield code="9">52</subfield>
  </datafield>
  <datafield tag="650" ind1=" " ind2="0">
    <subfield code="a">GOBIERNO REGIONAL</subfield>
    <subfield code="9">889</subfield>
  </datafield>
  <datafield tag="650" ind1=" " ind2="0">
    <subfield code="a">POLITICA SANITARIA</subfield>
    <subfield code="9">1467</subfield>
  </datafield>
  <datafield tag="650" ind1=" " ind2="0">
    <subfield code="a">ASISTENCIA MEDICA</subfield>
    <subfield code="9">556</subfield>
  </datafield>
  <datafield tag="650" ind1=" " ind2="0">
    <subfield code="a">CONFLICTO SOCIAL</subfield>
    <subfield code="9">368</subfield>
  </datafield>
  <datafield tag="650" ind1=" " ind2="0">
    <subfield code="a">CALIFICACION PROFESIONAL</subfield>
    <subfield code="9">6546</subfield>
  </datafield>
  <datafield tag="710" ind1="2" ind2=" ">
    <subfield code="a">CCOO</subfield>
    <subfield code="b">Castilla-La Mancha</subfield>
    <subfield code="e">ed.</subfield>
    <subfield code="9">24880</subfield>
  </datafield>
  <datafield tag="856" ind1=" " ind2=" ">
    <subfield code="z">PDF</subfield>
    <subfield code="u">https://docpublicos.ccoo.es/cendoc/073541CCOOValoraSescam.pdf</subfield>
  </datafield>
  <datafield tag="907" ind1=" " ind2=" ">
    <subfield code="a">Sistema Sanitario</subfield>
  </datafield>
  <datafield tag="942" ind1=" " ind2=" ">
    <subfield code="c">DOCU_ELEC</subfield>
    <subfield code="2">ddc</subfield>
    <subfield code="n">0</subfield>
  </datafield>
  <datafield tag="999" ind1=" " ind2=" ">
    <subfield code="c">64718</subfield>
    <subfield code="d">64718</subfield>
  </datafield>
  <datafield tag="952" ind1=" " ind2=" ">
    <subfield code="0">0</subfield>
    <subfield code="1">0</subfield>
    <subfield code="2">ddc</subfield>
    <subfield code="4">0</subfield>
    <subfield code="7">0</subfield>
    <subfield code="a">CENDO</subfield>
    <subfield code="b">CENDO</subfield>
    <subfield code="d">2026-04-30</subfield>
    <subfield code="i">073541</subfield>
    <subfield code="l">0</subfield>
    <subfield code="p">2026-0960</subfield>
    <subfield code="r">2026-04-30 14:32:55</subfield>
    <subfield code="t">PS164</subfield>
    <subfield code="w">2026-04-30</subfield>
    <subfield code="y">DOCU_ELEC</subfield>
  </datafield>
</record>
